les héros de hearthstone - Statistiques

Statistiques générales
  • Ce quiz a été pris 120 fois
  • Le résultat moyen est 9 sur 10
Statistiques - réponses
leur nom classe % Correct
Jaina Mage
100%
Rexxar Chasseur
98%
Garrosh Guerrier
98%
Anduin Prêtre
98%
valeera Voleur
97%
Uther Paladin
96%
Malfurion Druide
95%
Gul'dann Démoniste
92%
Illidan Chasseur de démon
90%
Thrall Shaman
79%
Aucun quiz correspondant
Distribution des résultats
% des personnes avec chaque résultat
Percentile par nombre de réponses
Votre historique - résultats
Vous n’avez pas pris ce quiz